SAT Words HARD Click Quiz - H #5 - Statistics

General Stats
  • This quiz has been taken 206 times
  • The average score is 9 of 15
Answer Stats
Hint Answer % Correct
Uproarious commotion Hullabaloo
88%
Lacking excitement or variety Humdrum
83%
Soft limestone used to scrub the deck of a ship Holystone
74%
Pattern of broken checks or pointed shapes Houndstooth
72%
Relating to man’s four essential fluids of Medieval medicine Humoral
68%
Relating to marriage or weddings Hymeneal
68%
Wine-marinated rabbit stew that is usually heavily seasoned Hasenpfeffer
67%
Pretentious or pompous in speech or behaviour Hifalutin
61%
Thick rope or cable for towing or pulling boats Hawser
58%
Handle of a tool or instrument Helve
55%
Witchcraft; occultism Hexerei
52%
Journey or migration to escape danger; exodus Hegira
50%
Chain-mail shirt worn as armour Habergeon
46%
Group of seven; week Hebdomad
44%
Early form of the blues with lyrics that feature innuendo Hokum
39%
No matching quizzes found
Score Distribution
Percent of People with Each Score
Percentile by Number Answered
Your Score History
You have not taken this quiz